ALL TIME RAIDERS OFFENSE STARTING LINEUP - Statistics

General Stats
  • This quiz has been taken 37 times
  • The average score is 5 of 12
Answer Stats
Hint Answer % Correct
RB Marcus Allen
88%
WR Tim Brown
78%
RB Bo Jackson
72%
QB Ken Stabler
69%
WR Jerry Rice
66%
OL Jim Otto
53%
OL Gene Upshaw
44%
OL Art Shell
34%
WR Amari Cooper
13%
TE Dave Casper
9%
OL Bob Brown
0%
OL Richie Incongnito
0%
No matching quizzes found
Score Distribution
Percent of People with Each Score
Percentile by Number Answered
Your Score History
You have not taken this quiz